Compositions des groupes de musique de 4 personnes - Statistiques

Statistiques générales
  • Ce quiz a été pris 161 fois
  • Le résultat moyen est 15 sur 48
Statistiques - réponses
Groupe Instrument Nom % Correct
The Beatles Guitare/Chant John Lennon
96%
The Beatles Basse/Chant Paul McCartney
92%
Queen Chant/Piano Freddie Mercury
87%
The Beatles Guitare/Chant George Harrison
76%
The Beatles Batterie/Chant Ringo Starr
76%
The Rolling Stones Chant Mick Jagger
71%
U2 Chant Bono
70%
Téléphone Chant/Guitare Jean-Louis Aubert
69%
Téléphone Guitare/Chant Louis Bertignac
62%
The Doors Chant Jim Morrison
57%
Queen Guitare Brian May
50%
Van Halen 1983 Guitare/Clavier Eddie Van Halen
50%
Van Halen 1983 Batterie Alex Van Halen
44%
Led Zeppelin Guitare Jimmy Page
44%
Led Zeppelin Chanteur Robert Plant
43%
The Rolling Stones Guitare Keith Richards
36%
U2 Guitare/Clavier The Edge
34%
Red Hot Chili Peppers Basse Flea
30%
Queen Batterie Roger Taylor
25%
Red Hot Chili Peppers Chant Anthony Kiedis
24%
Metallica 1985 Chant/Guitare James Hetfield
24%
Led Zeppelin Batterie John Bonham
24%
Queen Basse John Deacon
24%
Metallica 1985 Batterie Lars Ulrich
24%
Red Hot Chili Peppers Batterie Chad Smith
22%
Red Hot Chili Peppers Guitare John Frusciante
22%
Led Zeppelin Basse John Paul Jones
22%
Metallica 1985 Guitare Kirk Hammet
22%
Téléphone Batterie Richard Kolinka
22%
The Rolling Stones Batterie Charlie Watts
19%
The Rolling Stones Guitare Ronnie Wood
15%
Mötley Crüe Batterie Tommy Lee
15%
Metallica 1985 Basse Cliff Burton
14%
Van Halen 1983 Chant David Lee Roth
13%
Van Halen 1983 Basse Michael Anthony
13%
The Doors Clavier Ray Manzarek
13%
Mötley Crüe Basse Nikki Sixx
11%
U2 Batterie Larry Mullen Jr.
10%
U2 Basse Adam Clayton
9%
The Doors Guitare Robby Krieger
9%
Téléphone Basse/Chant Corine Marienneau
8%
The Doors Batterie John Densmore
7%
Mötley Crüe Chant Vince Neil
7%
Mötley Crüe Guitare Mick Mars
6%
ABBA Chant Agnetha Fältskog
5%
ABBA Piano Benny Andersson
4%
ABBA Chant Anni-Frid Lyngstad
3%
ABBA Guitare Björn Ulvaeus
3%
Aucun quiz correspondant
Distribution des résultats
% des personnes avec chaque résultat
Percentile par nombre de réponses
Votre historique - résultats
Vous n’avez pas pris ce quiz